| 000 | 00325 a2200121 4500 | ||
|---|---|---|---|
| 005 | 20250430070657.0 | ||
| 082 | _a658 MAS | ||
| 100 | _aMASSIE, J. L. | ||
| 245 | _aEssentials of Management | ||
| 260 |
_aLondon, _bPrentice Hall, _c1964. |
||
| 300 |
_avii, 180p.: ill.; figure, table. _bIndex, references. _c21cm. |
||
| 942 |
_2ddc _cBKS |
||
| 999 |
_c1794 _d1794 |
||